000 00435nam a2200169Ia 4500
005 20250923144248.0
008 008 250917s9999 xx 000 0 eng d
037 _aTextual
040 _aDSWL
_beng
_cDSWL
041 _aeng
_2eng
084 _aX:915:Z, G3
_qDSWL
245 0 _aLaw and woman's work
_cby ILO
260 _aLondon
_c1939
300 _a590 p.
942 _cTEXL
_hX:915:Z, G3
999 _c1436732
_d1436732